banner koha

Caracteristicas morfofisiológicas em plantas de Tabebuia heptaphyilla (vell.)tol. em condições de luminosidade (Registro n. 213036)

MARC details
000 -LÍDER
campo de controle de tamanho fixo 00993nas a2200325 4500
001 - NÚMERO DE CONTROLE
campo de controle BR2011002710
003 - IDENTIFICADOR DO NÚMERO DE CONTROLE
campo de controle BR-BrBNA
005 - DATA E HORÁRIO DA ÚLTIMA TRANSAÇÃO
campo de controle 20231205115305.0
007 - CAMPO FIXO DE DESCRIÇÃO FÍSICA--INFORMAÇÃO GERAL
campo de controle de tamanho fixo ta
008 - CAMPO DE DADOS FIXOS--INFORMAÇÃO GERAL
campo de controle de tamanho fixo 230509b bl.|||p| |||| 00| 00por d
040 ## - FONTE DA CATALOGAÇÃO
Instituição da catalogação original BR-BrBNA
Idioma da catalogação por
Instituição que transcreveu o registro Biblioteca Nacional de Agricultura
041 ## - CÓDIGO DE IDIOMA
Código do idioma do texto/trilha sonora ou título diferente (Pt)
072 ## - CÓDIGO DE CATEGORIA DE ASSUNTO
Código de Categoria de Assunto F61; F62
100 1# - ENTRADA PRINCIPAL--NOME PESSOAL
Nome pessoal Siebeneichler, S.C.
100 1# - ENTRADA PRINCIPAL--NOME PESSOAL
Nome pessoal Freitas, G.A. de
100 1# - ENTRADA PRINCIPAL--NOME PESSOAL
Nome pessoal Silva, R.R. da
100 1# - ENTRADA PRINCIPAL--NOME PESSOAL
Nome pessoal Adorian, G.C.
100 1# - ENTRADA PRINCIPAL--NOME PESSOAL
Nome pessoal Capellari, D.
245 1# - TÍTULO
Título Caracteristicas morfofisiológicas em plantas de Tabebuia heptaphyilla (vell.)tol. em condições de luminosidade
650 ## - ASSUNTO--TERMO TÓPICO
Cabeçalho tópico ou nome geográfico IPÊ AMARELO
650 ## - ASSUNTO--TERMO TÓPICO
Cabeçalho tópico ou nome geográfico MORFOLOGIA VEGETAL
650 ## - ASSUNTO--TERMO TÓPICO
Cabeçalho tópico ou nome geográfico FISIOLOGIA VEGETAL
650 ## - ASSUNTO--TERMO TÓPICO
Cabeçalho tópico ou nome geográfico ÁREA FOLIAR
650 ## - ASSUNTO--TERMO TÓPICO
Cabeçalho tópico ou nome geográfico CLOROFILA
650 ## - ASSUNTO--TERMO TÓPICO
Cabeçalho tópico ou nome geográfico BIOMASSA
650 ## - ASSUNTO--TERMO TÓPICO
Cabeçalho tópico ou nome geográfico RADIAÇÃO LUMINOSA
773 0# - ENTRADA ANALÍTICA
Título Acta Amazônia (Brazil)
ISSN - International Standard Serial Number ISSN 0044-5967
Partes relacionadas (Sep 2008), v. 38(3) p. 467-472
Número de controle do registro BR2011002710
909 ## -
-- 202311
-- Lúcia
-- 55
-- Lúcia Elande
942 ## - ELEMENTOS DE ENTRADA ADICIONADOS (KOHA)
Fonte da classificação ou esquema de arquivamento na estante Classificação AGRIS
Ocultar no OPAC Não
Tipo de material Koha Analítica
Exemplares
Situação do descarte Fonte da classificação ou esquema de arquivamento na estante Situação física Não pode ser emprestado Biblioteca de origem Biblioteca atual Localização na estante Enumeração do periódico / cronologia Total de empréstimos Data de último acesso Número do exemplar Tipo de material Koha Fonte de aquisição
  Classificação AGRIS   Consulta local Biblioteca Nacional de Agricultura - Binagri Biblioteca Nacional de Agricultura - Binagri   (Sep 2008), v. 38(3) p. 467-472   29/11/2023 01 Periódicos Portaria Interministerial nº 164/94

BINAGRI

Telefone: (61)3218-2567/2388/3357/2097 - binagri@agro.gov.br

Ministério da Agricultura e Pecuária , Esplanada dos Ministérios, Bloco D, Anexo B, Brasília/DF, CEP: 70.043-900